Die 50 grössten Städte auf dem Balkan - Statistiken

Allgemein
  • Dieses Quiz wurde 203 mal gespielt
  • Das Durchschnittsergebnis liegt bei 17 aus 49
Antwortstatistiken
Hint Antwort % Korrekt
660.000 Zagreb
95%
1.600.000 Belgrad
91%
3.200.000 Athen
89%
10.100.000 Istanbul
87%
1.200.000 Sofia
86%
350.000 Sarajevo
85%
420.000 Tirana
82%
620.000 Skopje
78%
145.000 Pristina
77%
150.000 Split
73%
170.000 Podgorica
68%
900.000 Thessaloniki
68%
280.000 Novi Sad
60%
180.000 Niš
52%
150.000 Banja Luka
40%
110.000 Rijeka
39%
67.000 Zadar
36%
330.000 Plovdiv
34%
115.000 Durrës
31%
320.000 Varna
30%
95.000 Maribor
28%
82.000 Tuzla
27%
74.000 Osijek
26%
85.000 Prizren
26%
77.000 Zenica
22%
200.000 Patras
21%
71.000 Novi Pazar
19%
190.000 Burgas
18%
150.000 Kragujevac
17%
75.000 Shkodra
17%
90.000 Subotica
16%
175.000 Heraklion
13%
83.000 Bitola
12%
80.000 Vlora
12%
75.000 Kumanovo
11%
80.000 Elbasan
10%
54.000 Gjilan
10%
150.000 Larisa
9%
73.000 Čačak
8%
68.000 Kruševac
8%
285.000 Ljublana
8%
128.000 Volos
8%
90.000 Chania
5%
41.000 Bujanovac
4%
47.000 Slavonski Brod
4%
76.000 Pančevo
3%
88.000 Ioaninna
2%
39.000 Preševo
2%
78.000 Zrenjanin
2%
Keine übereinstimmenden Quizze gefunden
Verteilung der Resultate
Anzahl Personen mit jedem Resultat
Perzentil nach korrekt beantworteten Fragen
Ihre Resultats-Entwicklung
Sie haben dieses Quiz noch nicht gespielt